000 00505nam a22001817a 4500
005 20260420111455.0
008 260420b |||||||| |||| 00| 0 eng d
020 _a9788199452572
_c480.00
040 _aMAIN
041 _aeng
082 _a336.15
_bAHM
100 _aAhmed, Rofique.
245 _aHistory of Economic Thought
_cBy Rofique Ahmed.
260 _aJorhat:
_bNorth East Institute of Research Consultancy & Publication
_c2025.
300 _a378p.
650 _aEconomic
942 _2ddc
_cBK
999 _c16394
_d16394